000 01294pam a2200337 a 4500
999 _c5558
_d5558
001 2437863
003 GZU
005 20210408083222.0
008 880727s1989 paua b 001 0 eng
010 _a 88025151
020 _a9780198065340
040 _aDLC
_cDLC
_dDLC
050 0 0 _aTK5101
_b.LAT2009
082 0 0 _a621.38/0413
_219
100 1 _aLathi, B. P.
_q(Bhagwandas Pannalal)
245 1 0 _aModern digital and analog communication systems /
_cB.P. Lathi. and Zhi Ding
250 _a4th ed.
260 _aNew York
_bOxford University Press
_cc2009
300 _axiv, 719 p. :
_bill. ;
_c25 cm.
440 0 _aHRW series in electrical and computer engineering
500 _a"Instructor's edition"--Cover.
504 _aIncludes bibliographies and index.
650 0 _aTelecommunication systems.
650 0 _aDigital communications.
650 0 _aStatistical communication theory.
856 4 2 _3Publisher description
_uhttp://www.loc.gov/catdir/enhancements/fy0638/88025151-d.html
856 4 1 _3Table of contents only
_uhttp://www.loc.gov/catdir/enhancements/fy0638/88025151-t.html
906 _a7
_bcbc
_corignew
_d1
_eocip
_f19
_gy-gencatlg
942 _2lcc
_cBK
_h5101
_iLAT
_kTK